000 00653nam a22001937a 4500
999 _c165555
_d165555
005 20190621162153.0
010 _aUR-10232
020 _c150.00
_a9789387539808
035 _aU-8787
037 _bDBAD/PUB
082 _a841
100 _aہا شمی عبيد اللہ
245 _aلعل و گو ہر
_cہا شمی عبيد اللہ
246 _bLal -o-Gohar (Urdu)
_aby S.Obaidullah Hashmi
260 _a Delhi
_bEducational Publishing House
_c2018 ء
270 _a3191،Vakil Street,Kucha Pandit,Lal Kuan,
_bDelhi
_e110006
_k23216162
_l00911123211540
300 _a144ص
_c22 Cm(Hb)
942 _2ddc
_cUR
_h841
_mہ ا ش